[Event "POL-chT 2nd div North"]
[Site "Lublin"]
[Date "1999.??.??"]
[Round "2"]
[White "Tyszkiewicz, Zbigniew"]
[Black "Bylica, Michal"]
[Result "1-0"]
[WhiteElo "2160"]
[BlackElo "2095"]
[PlyCount "60"]
[EventDate "1999.09.11"]
[EventType "team-swiss"]
[EventRounds "8"]
[EventCountry "POL"]
[SourceTitle "EXT 2003"]
[Source "ChessBase"]
[SourceDate "2002.11.25"]
[SourceVersion "1"]
[SourceVersionDate "2002.11.25"]
[SourceQuality "1"]
[WhiteTeam "Pultusk Nadnarwianka"]
[BlackTeam "POL-chT 2nd div North 4"]
[WhiteTeamCountry "POL"]
[BlackTeamCountry "POL"]

1. Nf3 Nf6 2. c4 g6 3. Nc3 Bg7 4. e4 d6 5. d4 0-0 6. Bg5 h6 7. Be3 c6 8. Be2 Bg4 9. Qd2 Kh7 10. h3 Bxf3 11. Bxf3 Nbd7 12. g4 Ng8 13. h4 Qa5 14. Be2 Rab8 15. f4 b5 16. h5 bxc4 17. g5 e6 18. gxh6 Bh8 19. hxg6+ fxg6 20. Bxc4 d5 21. Bd3 Ne7 22. 0-0-0 c5 23. Bb1 Rbc8 24. Rdg1 Qb4 25. a3 Qb6 26. e5 cxd4 27. Bxd4 Qa5 28. Kd1 Rc4 29. Rg3 Nf5 30. Bxf5 exf5 1-0

[Event "POL-chT2 U18"]
[Site "Augustow"]
[Date "1996.??.??"]
[Round "?"]
[White "Bylica, Michal"]
[Black "Plich, Adam"]
[Result "0-1"]
[WhiteElo "2000"]
[BlackElo "1990"]
[PlyCount "88"]
[EventDate "1996.??.??"]
[EventType "team"]
[EventRounds "10"]
[EventCountry "POL"]
[SourceTitle "EXT 2003"]
[Source "ChessBase"]
[SourceDate "2002.11.25"]
[SourceVersion "1"]
[SourceVersionDate "2002.11.25"]
[SourceQuality "1"]

1. Nf3 Nf6 2. g3 g6 3. Bg2 Bg7 4. 0-0 0-0 5. c4 d6 6. Nc3 e5 7. d3 h6 8. Rb1 a5 9. a3 Nc6 10. b4 axb4 11. axb4 Be6 12. Bd2 Qd7 13. e3 Bh3 14. Qc2 Bxg2 15. Kxg2 Nh5 16. Nd5 Ne7 17. Rfc1 f5 18. Nxe7+ Qxe7 19. d4 e4 20. Ng1 g5 21. Ne2 Nf6 22. b5 Qf7 23. Bb4 Rfd8 24. Ra1 Rab8 25. Ra7 Qh5 26. Ng1 f4 27. h3 f3+ 28. Kf1 g4 29. h4 c6 30. b6 c5 31. Bc3 Qf5 32. Rca1 Nd7 33. Qb2 cxd4 34. exd4 e3 35. fxe3 Qd3+ 36. Kf2 Nxb6 37. Re1 Nxc4 38. Qc1 d5 39. Ba5 Ra8 40. Rd1 Qe4 41. Rxa8 Rxa8 42. Bd2 Ra2 43. Qc3 Rc2 44. Qb4 Qxe3+ 0-1

[Event "POL-chT2 U18"]
[Site "Augustow"]
[Date "1996.??.??"]
[Round "?"]
[White "Bylica, Michal"]
[Black "Skorobogaty, Krzysztof"]
[Result "1-0"]
[WhiteElo "2000"]
[BlackElo "2000"]
[PlyCount "135"]
[EventDate "1996.??.??"]
[EventType "team"]
[EventRounds "10"]
[EventCountry "POL"]
[SourceTitle "EXT 2003"]
[Source "ChessBase"]
[SourceDate "2002.11.25"]
[SourceVersion "1"]
[SourceVersionDate "2002.11.25"]
[SourceQuality "1"]

1. d4 d5 2. e3 Nf6 3. Bd3 c6 4. f4 e6 5. Nf3 Be7 6. 0-0 0-0 7. Ne5 Nbd7 8. Qf3 Qc7 9. g4 Rd8 10. g5 Ne4 11. Bxe4 dxe4 12. Qxe4 c5 13. c3 Nxe5 14. fxe5 Bxg5 15. Nd2 Bd7 16. Nf3 Bh6 17. Rf2 cxd4 18. exd4 Bxc1 19. Rxc1 Bc6 20. Qg4 Bxf3 21. Rxf3 Qe7 22. Rcf1 Rd7 23. Rg3 Qf8 24. h4 a5 25. Rf2 Ra6 26. h5 h6 27. b3 Rc6 28. c4 Rdc7 29. a4 Kh8 30. Kh2 Ra6 31. Rfg2 f6 32. exf6 Qxf6 33. Rf3 Qe7 34. Rgf2 Ra8 35. Kg1 Rd7 36. Kf1 Rad8 37. Rf4 e5 38. dxe5 Rd1+ 39. Kg2 R1d2 40. e6 Qc5 41. Qf5 Qc6+ 42. Qe4 Qc5 43. Qf5 Qc6+ 44. R4f3 Rxf2+ 45. Kxf2 Qd6 46. Kg2 Re8 47. Re3 Rf8 48. Qxa5 Qf4 49. Qe1 Rf5 50. e7 Rg5+ 51. Rg3 Rxg3+ 52. Qxg3 Qe4+ 53. Qf3 Qxe7 54. Kf2 Qc5+ 55. Kf1 b6 56. Qf7 Qe3 57. Qf8+ Kh7 58. Qf5+ Kh8 59. c5 bxc5 60. Qd5 Qf4+ 61. Ke2 Qb4 62. Kd3 Qb6 63. Qa8+ Kh7 64. Qe4+ Kh8 65. Qe8+ Kh7 66. Qg6+ Qxg6+ 67. hxg6+ Kxg6 68. a5 1-0

[Event "POL-chT2 U18"]
[Site "Augustow"]
[Date "1996.??.??"]
[Round "?"]
[White "Szulc, Michal"]
[Black "Bylica, Michal"]
[Result "1-0"]
[WhiteElo "2000"]
[BlackElo "2000"]
[PlyCount "91"]
[EventDate "1996.??.??"]
[EventType "team"]
[EventRounds "10"]
[EventCountry "POL"]
[SourceTitle "EXT 2003"]
[Source "ChessBase"]
[SourceDate "2002.11.25"]
[SourceVersion "1"]
[SourceVersionDate "2002.11.25"]
[SourceQuality "1"]

1. c4 b6 2. Nc3 Bb7 3. Nf3 Nf6 4. g3 g6 5. Bg2 Bg7 6. 0-0 0-0 7. d4 d6 8. Rb1 Ne4 9. Qd3 Nxc3 10. bxc3 Qc8 11. Ba3 Nd7 12. Bh3 e6 13. e4 f5 14. Ng5 Re8 15. Bg2 h6 16. Nh3 Nf8 17. Rfe1 fxe4 18. Bxe4 Bxe4 19. Qxe4 e5 20. Kg2 Kh7 21. Qd5 Qa6 22. Rb3 exd4 23. Rxe8 Rxe8 24. cxd4 Re2 25. Qf7 Ne6 26. d5 Nd4 27. Bb2 Qxc4 28. Nf4 Re1 29. Rd3 c5 30. Bxd4 cxd4 31. Qxg6+ Kg8 32. Qxd6 Qc1 33. Qb8+ Kh7 34. d6 Rg1+ 35. Kh3 Qc5 36. g4 Qg5 37. Rg3 Qxf4 38. Rxg1 Be5 39. Qb7+ Kg6 40. Qg2 Bxd6 41. Re1 Kf6 42. Re4 Qd2 43. Qf3+ Kg7 44. Re6 Qf4 45. Qb7+ Kf8 46. Qc8+ 1-0